| 000 | 01133nam0a2200337 4500 | ||
|---|---|---|---|
| 001 | RU\NLR\bibl\1861020 | ||
| 005 | 20250616182953.0 | ||
| 010 |
_a978-5-91940-187-2 _9150 |
||
| 021 |
_aRU _b2011-105707 _97569 |
||
| 035 | _a(nilc)RSL-KNO-005375217 | ||
| 035 | _a(NLR Aleph) 001850919 | ||
| 090 |
_a2400706 _c2400706 |
||
| 100 | _a20120116d2011 |||y0rusy50 ca | ||
| 101 | 0 | _arus | |
| 102 | _aRU | ||
| 105 | _aa ||||||||| | ||
| 200 | 1 |
_aПеред смертью все равны _fАндрей Фатула |
|
| 210 |
_aМосква _cПеро _d2011 |
||
| 215 |
_a139 с. _cил., цв. ил., портр. _d20 |
||
| 327 | 1 | _aСодерж.: Перед смертью все равны; Последние слова Моисея; Стихотворения | |
| 686 |
_aШ5(2=Р)75-6я44 _2rubbk |
||
| 686 | _aШ6(2=Р)8-44 | ||
| 700 | 1 |
_aФатула _bА. В. _f1946- _gАндрей Васильевич _4070 |
|
| 801 | 0 |
_aRU _bRuMoRKP _c20120116 _grcr |
|
| 801 | 1 |
_aRU _bРГБ _c20120116 |
|
| 801 | 2 |
_aRU _bNLR _c20120127 _grcr |
|
| 942 | _cBOOK | ||
| 980 | _aNB | ||
| 980 | _aNBR | ||